| 000 | 00477nam a2200181Ia 4500 | ||
|---|---|---|---|
| 001 | 16753 | ||
| 005 | 20260306170334.0 | ||
| 008 | 260306t2015||||xx |||||||||||||| ||und|| | ||
| 041 | _aESP | ||
| 082 |
_a349.79 _bM81 |
||
| 100 |
_aMolano, Eduardo _eAUT |
||
| 245 | 0 | _aCuestiones fundamentales de derecho canónico y de derecho eclesiástico del estado | |
| 260 | _c2015 | ||
| 300 |
_a712 páginas : _c24 cm. |
||
| 650 | _aGEN | ||
| 654 | _aCDE | ||
| 942 |
_cLIB _dJUS _fJUS _2ddc _n |
||
| 999 |
_c16753 _d16753 |
||